Les niveaux de la trilogie Spyro the Dragon - Statistiques

Statistiques générales
  • Ce quiz a été pris 54 fois
  • Le résultat moyen est 30 sur 101
Statistiques - réponses
Réponse % Correct
Lueur
61%
Artisans
54%
Villa Ensoleillée
54%
Croustillant
50%
Gnasty Gnorc
50%
Jacques
46%
Lac Crépusculaire
46%
Montagne de Minuit
46%
Pacifiques
46%
Tête de Métal
46%
Vol de Jour
46%
Vol de Nuit
46%
Brasier
43%
Forêt d'Été
43%
Jardin de Midi
43%
Tours Enchantées
43%
Alpe de Sheila
39%
Arène de Ripto
39%
Métropolis
39%
Rivages aux Coquillages
39%
Rivages du Dragon
39%
Soleil Levant Printanier
39%
Toundra Hivernale
39%
Usine de Feux d'Artifice
39%
Zéphyr
39%
Arène de Spike
36%
Belvédère de Gulp
36%
Cachot de Buzz
36%
Circuit du Miel
36%
Circuit du Port
36%
Circuit Marin
36%
Colossez
36%
Créateurs d'Animaux
36%
Grands Arbres
36%
Tours Aquaria
36%
Town Square
36%
Butin de Gnasty
32%
Circuit des Champignons
32%
Cône Magmatique
32%
Doctor Shemp
32%
Fanfaron
32%
Hurricos
32%
Ouvriers Magiques
32%
Pic de Glace
32%
Plage Ensoleillée
32%
Plaines Automnales
32%
Super Tour Bonus
32%
Tombeau Hanté
32%
Vaisseaux Perdus
32%
Autel de la Glace
29%
Circuit Métro
29%
Cliff Town
29%
Colline de Faille
29%
Colline de Pierre
29%
Cratère en Fusion
29%
Labo d'Agent 9
29%
Port de Brise
29%
Sainte-Idole
29%
Tisseurs de Rêves
29%
Vol de Cristal
29%
Caverne de Glace
25%
Cimes Ennuagées
25%
Fermes Robotica
25%
Marécage Mystique
25%
Oasis Ombragée
25%
Repaire de la Sorcière
25%
Ruines du Désert
25%
Trou Obscur
25%
Base du Sergent Byrd
21%
Chaîne Alpine
21%
Circuit Campagnard
21%
Crique de Gnorc
21%
Haut Château
21%
Jardins de Bambous
21%
Marais des Revenants
21%
Mines des Dinosaures
21%
Passage Obscur
21%
Pays Maudit
21%
Port Crépuscule
21%
Tours Hantées
21%
Village Terrasses
21%
Vol de Glace
21%
Circuit de Canyon
18%
Circuit de Glace
18%
Crête Enchantée
18%
Donjon de Crush
18%
Dry Canyon
18%
Marais des Brumes
18%
Poste de Bentley
18%
Temples des Nuages
18%
Grandes Grottes
14%
Îles de Cristal
14%
Vol Sauvage
14%
Élevage des Langoustes
11%
Glacier de Cristal
11%
Pics Magiciens
11%
Rivage des Étoiles de Mer
11%
Usine Insector
11%
Ville Araignée
11%
Gnorc Gnexus
7%
Aucun quiz correspondant
Distribution des résultats
% des personnes avec chaque résultat
Percentile par nombre de réponses
Votre historique - résultats
Vous n’avez pas pris ce quiz